| 000 | 00549nam a22001697a 4500 | ||
|---|---|---|---|
| 005 | 20240108134430.0 | ||
| 008 | 231026b |||||||| |||| 00| 0 eng d | ||
| 020 | _a0409040754 ; 04090407602 | ||
| 041 | _aAfrikaans | ||
| 082 | _a346.7 MAL | ||
| 100 |
_aMalan, FR in medewerking met de Beer CR _lAfrikaans |
||
| 245 |
_aWisselreg en Tjekreg / _cFR Malan in medewerking met CR de Beer |
||
| 260 |
_aDurban : _bButterworths, _c1981 |
||
| 300 |
_bxiv, 490 pages ; _c25,5 cm. |
||
| 650 |
_aLegal practice _bLaw |
||
| 942 |
_cBK _6ALISON_BN_VRIES |
||
| 999 |
_c67 _d67 |
||